Физико-химические основы синтеза и переработки полимеров: межвузовский сборник

Dades bibliogràfiques
Autor corporatiu: Горьковский государственный университет им. Н. И. Лобачевского (ГГУ)
Altres autors: Семчиков Ю. Д. Юрий Денисович (редактор)
Idioma:rus
Publicat: Горький, Изд-во ГГУ, 1984
Matèries:
Format: MixedMaterials Llibre
KOHA link:https://koha.lib.tpu.ru/cgi-bin/koha/opac-detail.pl?biblionumber=274509

MARC

LEADER 00000nam0a2200000 4500
001 274509
005 20231101234733.0
020 |a RU  |b 84-70302 
035 |a (RuTPU)RU\TPU\book\297719 
090 |a 274509 
100 |a 20141106d1984 k y0rusy5003 ca 
101 0 |a rus 
102 |a RU 
105 |a a z 000zy 
200 1 |a Физико-химические основы синтеза и переработки полимеров  |e межвузовский сборник  |f Горьковский государственный университет им. Н. И. Лобачевского (ГГУ) ; под ред. Ю. Д. Семчикова 
210 |a Горький  |c Изд-во ГГУ  |d 1984 
215 |a 112 с.  |c ил. 
606 1 |a Полимеры  |x Синтез  |2 stltpush  |3 (RuTPU)RU\TPU\subj\50297  |9 69005 
610 1 |a физико-химические основы 
610 1 |a переработка 
610 1 |a модификация 
610 1 |a строение 
675 |a 678.02  |z rus  |v 3 
702 1 |a Семчиков  |b Ю. Д.  |g Юрий Денисович  |4 340 
712 0 2 |a Горьковский государственный университет им. Н. И. Лобачевского (ГГУ)  |2 stltpush  |3 (RuTPU)RU\TPU\col\2603 
801 0 |a RU  |b RuMRKP  |c 19950704  |g psbo 
801 1 |a RU  |b 63413507  |c 20141106 
801 2 |a RU  |b 63413507  |c 20170120  |g RCR 
942 |c BK